Statistics for English and British monarchs (from 886)

Click here to take the quiz!

General Stats

  • This quiz has been taken 520 times
    (180 since last reset)
  • The average score is 42 of 63

Answer Stats

DatesMonarch% Correct
1066-1087William the Conqueror
93%
1558-1603Elizabeth I
90%
1413-1422Henry V
88%
1625-1649Charles I
87%
1714-1727George I
87%
1727-1760George II
87%
1760-1820George III
87%
1100-1135Henry I
87%
1154-1189Henry II
87%
1216-1272Henry III
87%
1470-1471Henry VI
87%
1422-1461Henry VI
87%
1660-1685Charles II
86%
1272-1307Edward I
86%
1952-2022Elizabeth II
86%
1910-1936George V
86%
1399-1413Henry IV
86%
1485-1509Henry VII
86%
1509-1547Henry VIII
86%
2022-presentCharles III
85%
1820-1830George IV
85%
1936-1952George VI
85%
1483-1485Richard III
85%
1189-1199Richard the Lionheart
85%
1087-1100William II
84%
1307-1327Edward II
83%
1483 onlyEdward V
83%
1547-1553Edward VI
83%
1553-1558Mary I
83%
1837-1901Victoria
83%
1327-1377Edward III
82%
1461-1470Edward IV
81%
1471-1483Edward IV
81%
1901-1910Edward VII
81%
1936 onlyEdward VIII
81%
1689-1702William III
81%
1702-1714Anne
80%
1603-1625James I
78%
1685-1688James II
78%
1199-1216John
78%
1830-1837William IV
78%
1377-1399Richard II
75%
1135-1154Stephen
75%
1689-1694Mary II
74%
886-899Alfred the Great
62%
1042-1066Edward the Confessor
48%
1066 onlyHarold Godwinson
47%
1016-1035Cnut
45%
1553 onlyLady Jane Grey
39%
1014-1016Æthelred the Unready
36%
978-1013Æthelred the Unready
36%
924-939Æthelstan
35%
899-924Edward the Elder
26%
1040-1042Harthacnut
25%
1013-1014Sweyn Forkbeard
24%
1016 onlyEdmund Ironside
23%
955-959Eadwig
20%
946-955Eadred
19%
1035-1040Harold Harefoot
19%
975-978Edward the Martyr
18%
959-975Edgar the Peaceful
15%
924 onlyÆlfweard
9%
939-946Edmund the Magnificent
7%

Score Distribution

Percentile by Number Answered

Percent of People with Each Score

Your Score History

You have not taken this quiz since the last reset